Economía y Turismo
| Main Author: | |
|---|---|
| Format: | Section = Libro |
| Language: | Undetermined Spanish |
| Published: |
México
McGraw-Hill
2004
|
| Subjects: |
| LEADER | 00553nam a2200205Ia 4500 | ||
|---|---|---|---|
| 008 | 240830s9999 xx 000 0 und d | ||
| 020 | |a 84-481-4237-3 | ||
| 040 | |a B-ESTELÍ- RUACS / 338.479 M688 | ||
| 041 | |a spa | ||
| 082 | |a 338.479 M688 | ||
| 100 | 1 | |a Mochón, Francisco | |
| 245 | 1 | 0 | |a Economía y Turismo |
| 260 | |a México |b McGraw-Hill |c 2004 | ||
| 300 | |a 423 p. | ||
| 650 | 7 | |a INDUSTRIAS Y SERVICIOS SECUNDARIOS | |
| 650 | 7 | |b DEMANDA TURISTICA | |
| 650 | 7 | |c CRECIMIENTO ECONOMICO Y DESARROLLO | |
| 942 | |c BK |2 ddc | ||
| 991 | |a TEXTO | ||
| 999 | |c 10785 | ||